000 00674nam a2200181Ia 4500
008 090630s9999 xx 000 0 und d
082 _b21676
100 _aटिळेकर चंद्रसेन.
245 _aसंगणकाचे अंतरंग.
_cटिळेकर चंद्रसेन.
260 _bदिलीपराज- पुणे.
_c2002
300 _a108
600 _aटिळेकर चंद्रसेन.
630 _aसंगणकाचे अंतरंग.
655 _aइतर.
700 _aटिळेकर चंद्रसेन.
730 _aसंगणकाचे अंतरंग.
942 _cBOOK
999 _c273532
_d273532